000 04075cam a22013094i 4500
003 PE-LiUPU
005 20250813185339.0
008 161013s2016 pe a r 000 0 spa d
020 _a6123113593
020 _a9786123113599
035 _a(Sirsi) a164230
049 _aPRUA
082 0 4 _a336.2
_bF42
082 0 4 _a336.2
_bF42 2016
100 1 _aFernández Ventosilla, Arturo,
_eautor.
245 _aPresunciones tributarias :
_bCriterios de su aplicación por la SUNAT /
_cArturo Fernández Ventosilla.
250 _aPrimera edición.
264 _aLima :
_bGaceta jurídica,
_c2016.
300 _a214 páginas ;
_b24 centímetros.
336 _text
_2rdacontent
337 _unmediated
_2rdamedia
338 _volume
_2rdacarrier
505 0 _aConceptos generales -- Presunciones reguladas en el código tributario -- Presunciones reguladas en la ley del impuesto a la renta y su reglamento -- Presunciones reguladas en la ley del impuesto general a las ventas y su reglamento.
526 _aP202
526 _aP201
526 _aP163
526 _aP162
526 _aP161
526 _aP160
526 _aP148
526 _aP147
526 _aP146
526 _aP145
526 _aP144
526 _aP143
526 _aP142
526 _aP141
526 _aP140
526 _aP139
526 _aP138
526 _aP137
526 _aP136
526 _aP135
526 _aP134
526 _aP133
526 _aP129
526 _aP128
526 _aP127
526 _aP120
526 _aP119
526 _aP118
526 _aP116
526 _aP115
526 _aP114
526 _aP110
526 _aP109
526 _aP108
526 _aP104
526 _aP103
526 _aP102
526 _aP99
526 _aP98
526 _aP97
526 _aP96
526 _aP95
526 _aP93
526 _aP90
526 _aP89
526 _aP88
526 _aP83
526 _aP82
526 _aP62
526 _aP59
526 _aP58
526 _aP57
526 _aP51
526 _aP49
526 _aP48
526 _aP47
526 _aP29
526 _aP24
526 _aP20
526 _aP19
526 _aP17
526 _aP15
526 _aP14
526 _aP12
526 _aP10
526 _aP09
526 _aP08
526 _aP07
526 _aP06
526 _aP05
526 _aP04
526 _aP01
650 0 4 _aConducta tributaria de los contribuyenes.
650 0 4 _aConducta contable de los contribuyentes.
650 0 4 _aPresunciones tributarias
_xSunat
_zPerú.
910 _ctqv
_d20170317
942 _2ddc
_cBOOK
949 _a336.2 F42 2016
_wDEWEY
_c1
_iFJ04310
_lCCODEBUJ1
_mBUJ
_p17.00
_r0
_sY
_tBOOK
_u2017-03-17
_xCE
_PP08
_0COMPRA
_o.STAFF. Colección General Juliaca
949 _a336.2 F42 2016
_wDEWEY
_c1
_iFJ07415
_lCCODEBUJ1
_mBUJ
_p17.00
_r0
_sY
_tBOOK
_u2017-07-17
_xCE
_PP08
_0COMPRA
_o.STAFF. Colección General Juliaca
949 _a336.2 F42 2016
_wDEWEY
_c1
_iFJ07416
_lCCODEBUJ1
_mBUJ
_p17.00
_r0
_sY
_tBOOK
_u2017-07-17
_xCE
_PP08
_0COMPRA
_o.STAFF. Colección General Juliaca
994 _aC0
_bPEPRU
596 _a1 3
999 _a336.2 F42
_wDEWEY
_c13069
_i75192
_d13069
_e2017-10-3
_f2021-11-5
_g6
_lCCODEBUL1
_mBUL
_n1
_p5.00
_q2
_r0
_sY
_tBOOK
_u2016-10-13
_xFCE
_PP08
_0COMPRA
_o.STAFF. Colección FCE
999 _a336.2 F42 2016
_wDEWEY
_c1
_iFJ04310
_d2019-5-29
_e2017-10-2
_f2022-1-18
_g4
_lCCODEBUJ1
_mBUJ
_n2
_p17.00
_q3
_r0
_sY
_tBOOK
_u2017-3-17
_xFCE
_PP08
_0COMPRA
_o.STAFF. Colección General Juliaca
999 _a336.2 F42 2016
_wDEWEY
_c2
_iFJ07415
_d2019-5-29
_e2018-5-30
_f2022-1-18
_g4
_lCCODEBUJ1
_mBUJ
_n1
_p17.00
_q2
_r0
_sY
_tBOOK
_u2017-7-17
_xFCE
_PP08
_0COMPRA
_o.STAFF. Colección General Juliaca
999 _a336.2 F42 2016
_wDEWEY
_c3
_iFJ07416
_d2019-5-29
_f2022-1-18
_g4
_lCCODEBUJ1
_mBUJ
_p17.00
_q2
_r0
_sY
_tBOOK
_u2017-7-17
_xFCE
_PP08
_0COMPRA
_o.STAFF. Colección General Juliaca
980 _81
_gALBERTO SANCHEZ Responsable de Automatización